[Event "Irish Championship 2020"]
[Site "Dublin"]
[Date "2020.08.05"]
[Round "5.8"]
[White "Peoples, Jonathon"]
[Black "Collins, Adam"]
[Result "1-0"]
[WhiteElo "1932"]
[BlackElo "1760"]
[Annotator "TA"]
[PlyCount "102"]
[EventDate "2020.08.01"]
[EventType "swiss"]
[EventCountry "IRL"]
[SourceTitle "playchess.com"]
[Source "ChessBase"]
[SourceQuality "1"]

{[%evp 19,102,20,35,0,0,-7,0,0,43,43,70,78,128,143,235,242,331,309,328,324,341,361,312,285,277,279,290,282,270,266,319,336,349,346,350,329,444,440,520,497,565,396,369,363,385,372,366,357,433,418,600,600,620,620,604,589,708,705,652,662,756,753,6845,2094,2458,2238,1666,1287,2056,1419,12841,12839,12844,12844,12844,12844,29982,12845,12845,12845,12845,12846,12846,12845,12845]} 1. Nf3 d5 2. e3 Nf6 3. c4 c6 4. Nc3 e6 5. d4 Nbd7 6. Bd3 dxc4 7. Bxc4 Be7 8. O-O b5 9. Bd3 Bb7 10. e4 b4 11. e5 {D47: Semi-Slav: Meran System.} bxc3 12. exf6 Bxf6 13. bxc3 {The position is equal.} O-O 14. Rb1 Qc7 15. Ng5 {[#] White now steadily converts the win.} g6 $146 {[#]} ({Predecessor:} 15... Bxg5 16. Bxg5 g6 17. Qf3 f6 18. Bh6 Rf7 19. Rfe1 Re8 20. Bc4 Rfe7 21. Bf4 Qc8 {1-0 (38) Souza Filho,N (2139)-Lima,N (1977) Vitoria 2013}) 16. Qf3 $1 Kg7 (16... Qc8 $16 17. Ne4 Be7) 17. Ne4 $40 {[%mdl 128] White wants a kill.} Be7 18. Bf4 e5 19. dxe5 {e6! is the strong threat.} Nb6 20. e6 Qc8 21. Nd6 Bxd6 22. Bxd6 Qxe6 23. Bxf8+ Rxf8 24. a4 {And now a5 would win.} Ba8 25. a5 c5 26. Qg3 Nd5 27. Bc4 Re8 28. Rb8 Rxb8 29. Qxb8 {[%mdl 64] Double Attack} Qc6 30. Bb5 Qb7 31. Qxb7 Bxb7 {[%mdl 4096] Endgame KRB-KBN} 32. a6 Bc8 33. c4 Nb6 34. Rd1 Be6 (34... Kf8 $142 35. Rd6 Ke7) 35. Rd8 Nxc4 36. Ra8 Nd6 37. Bc6 c4 {If Black can now play ...c3 this consolidates a bit.} 38. Rxa7 c3 39. Ba4 Bc4 40. Rd7 {Threatens to win with a7.} Bb5 41. Bxb5 Nxb5 {KR-KN} 42. Rd1 Kf6 43. Rc1 Ke6 {[#]} 44. Rxc3 $1 {[%mdl 512]} Kd6 (44... Nxc3 45. a7) 45. Rc1 f5 46. Rb1 Nc7 47. a7 f4 48. Rb8 (48. Rd1+ $142 Kc6 49. Rc1+ Kd6 {[#]} 50. Rxc7 $1 {[%mdl 576] Remove Defender, Promotion} Kxc7 51. a8=Q Kd6 52. Qg8 Ke5 53. Qxh7) 48... h5 {White is clearly winning.} 49. a8=Q Nxa8 50. Rxa8 Ke5 51. Kf1 Kf5 {Accuracy: White = 93%, Black = 31%.} 1-0

[Event "Irish Championship 2020"]
[Site "Dublin"]
[Date "2020.08.05"]
[Round "5.9"]
[White "Kanyamarala, Tarun"]
[Black "Collins, Sam E."]
[Result "0-1"]
[WhiteElo "2381"]
[BlackElo "2459"]
[Annotator "TA"]
[PlyCount "74"]
[EventDate "2020.08.01"]
[EventType "swiss"]
[EventCountry "IRL"]
[SourceTitle "playchess.com"]
[Source "ChessBase"]
[SourceQuality "1"]

{[%evp 12,74,14,4,12,9,17,0,0,-2,0,-8,-7,-4,0,-9,-4,-10,-6,0,20,2,4,0,5,-32,-36,-90,-42,-46,0,-83,-53,-227,-254,-293,-298,-287,-255,-334,-292,-319,-297,-319,-318,-311,-308,-263,-256,-340,-337,-306,-266,-325,-333,-501,-487,-514,-516,-556,-556,-547,-516,-612,-600]} 1. e4 e5 2. Nf3 Nc6 3. Nc3 Nf6 4. Bb5 Bb4 5. O-O O-O 6. Bxc6 dxc6 7. d3 Nd7 {[#] C49: Four Knights: 4 Bb5 Bb4.} 8. Bg5 $146 ({Predecessor:} 8. Ne2 Bd6 9. b3 Nc5 10. Bb2 f6 11. Nd2 Ne6 12. Nc4 Bc5 13. Kh1 a5 14. a4 b6 15. f4 exf4 16. Nxf4 Nxf4 17. Rxf4 {0-1 (57) Indjic,A (2619)-Sadhwani,R (2507) Moscow 2019}) 8... Be7 9. Be3 Re8 {The position is equal.} 10. Ne2 Bf6 11. Ng3 Nf8 12. h3 Ne6 13. b4 a5 14. a3 g6 15. Qd2 b6 16. Qc3 Qd6 17. Nd2 Nf4 18. Nc4 Qe6 19. Rfd1 ({White should try} 19. Rfb1 $1 $15) 19... h5 {aiming for ...h4.} 20. Qe1 $1 {[%cal Rb4a5]} h4 21. Nh1 (21. Ne2 $11) 21... g5 (21... Bg7 {is interesting.} 22. f3 Nxg2 23. Kxg2 Qxh3+ 24. Kg1 Qxf3 25. Qxh4 axb4 26. Rf1 Qh3) 22. Bxf4 $2 {[#] This move loses the game for White.} (22. f3 $15) 22... exf4 $19 23. f3 Bxa1 24. Rxa1 axb4 25. Qxb4 Ba6 26. Nd2 Qf6 27. Re1 c5 28. Qb3 Qd4+ 29. Nf2 Kg7 30. Qb1 Bc8 31. Qc1 Bd7 32. Nb3 Qc3 33. e5 (33. Re2 {was called for.} Be6 34. Nd1) 33... c4 {Black is clearly winning.} 34. dxc4 {and if Re4 works, White does fine.} Bf5 35. c5 bxc5 36. Re2 Qc4 37. Qe1 Rxa3 {Accuracy: White = 52%, Black = 77%.} 0-1

[Event "Irish Championship 2020"]
[Site "Dublin"]
[Date "2020.08.05"]
[Round "5.10"]
[White "O'Connor, Jonathan"]
[Black "Brady, Stephen"]
[Result "0-1"]
[WhiteElo "2159"]
[BlackElo "2290"]
[Annotator "TA"]
[PlyCount "96"]
[EventDate "2020.08.01"]
[EventType "swiss"]
[EventCountry "IRL"]
[SourceTitle "playchess.com"]
[Source "ChessBase"]
[SourceQuality "1"]

{[%evp 16,96,18,14,11,-6,20,-10,0,0,0,9,20,-14,0,0,0,-44,11,10,0,-41,-33,-23,-20,-91,-88,-85,-99,-105,-60,-92,-86,-77,-82,-104,-97,-105,-78,-85,-38,-60,-51,-64,-64,-71,-46,-175,-168,-159,-17,-25,-18,-84,-81,-164,-133,-185,-89,-411,-432,-442,-432,-410,-361,-441,-423,-427,-423,-358,-404,-569,-588,-616,-535,-537,-535,-774,-589,-599,-512,-568,-555]} 1. d4 Nf6 2. c4 e6 3. g3 d5 4. Nf3 Bb4+ 5. Bd2 Be7 6. Bg2 O-O 7. O-O Nbd7 8. Qc2 c6 9. Bf4 b6 {E11: Bogo-Indian.} 10. Ne5 Bb7 11. cxd5 Nxe5 {The position is equal.} 12. d6 Ng6 13. dxe7 Qxe7 14. Bd2 {[#]} Rfd8 $146 ({Predecessor:} 14... c5 15. Bxb7 Qxb7 16. dxc5 Rfc8 17. b4 bxc5 18. bxc5 Qb5 19. Be3 Ng4 20. Nc3 Nxe3 {½-½ (20) Kunte,A (2511)-Aravindh,C (2338) Kolkata 2012}) 15. Bc3 Nd5 16. Nd2 Rac8 (16... c5 $15 17. dxc5 Qxc5) 17. Nb3 $11 a5 {[%cal Ba7a5,Ba5a4][%mdl 32]} 18. e4 (18. Rfd1 {seems wilder.} Ba6 19. e3 h6 20. h4 Qc7 21. a4) 18... Nxc3 19. bxc3 c5 20. Qd2 (20. Qb2 $11) 20... a4 $17 21. Nc1 {[#]} Ne5 $1 {[%mdl 512]} 22. Ne2 (22. dxe5 Rxd2) 22... Nc4 23. Qc2 cxd4 24. Nxd4 e5 25. Nf3 {[%cal Bd4f3,Bf3e1,Be1d3][%mdl 32]} b5 $36 {[%mdl 2048] White is under strong pressure.} 26. Rfd1 h6 27. Ne1 Kf8 28. Nd3 Rd6 29. Nb4 Rcd8 30. Nd5 Qd7 (30... Bxd5 $5 31. Rxd5 Rxd5 32. exd5 g6 $11) 31. Bf1 ({Better is} 31. Rd3 $15) 31... Bxd5 $19 32. exd5 g6 (32... Rxd5 $17 33. Rxd5 Qxd5) 33. Bxc4 $1 $11 bxc4 34. Rab1 (34. Rd2 $11 {remains equal.}) 34... Kg7 35. Rb4 (35. a3 $17) 35... Rxd5 $19 36. Rf1 {[#]} (36. Re1 $17) 36... Qg4 (36... a3 $1 $19 {has better winning chances. Hoping for ...Rd2.} 37. Qe4 Qe7 38. Qxc4 Rd2) 37. f3 $2 {[%mdl 8192]} (37. Qxa4 $17 {nothing else works.} Rd1 38. Rb1 Rxb1 39. Rxb1) 37... Qh3 {( -> ...Rd2)} 38. Qg2 Qe6 {aiming for ...Rd2.} 39. Rb2 a3 40. Rc2 Rd1 41. Qe2 Rxf1+ 42. Kxf1 {[%mdl 4096] Endgame KQR-KQR} Rd3 43. Kg2 (43. Qe4 {is a better defense.}) 43... Qd5 {Black is clearly winning.} 44. Kf2 h5 45. Kg2 Kf6 46. Kf2 Rd1 {...Qc5+ is the strong threat.} 47. Kg2 Qd3 48. Kf2 g5 {Accuracy: White = 50%, Black = 68%.} 0-1

[Event "Irish Championship 2020"]
[Site "Dublin"]
[Date "2020.08.05"]
[Round "5.11"]
[White "Lyons, Brendan"]
[Black "O'Connell, Gerard"]
[Result "1-0"]
[WhiteElo "1941"]
[BlackElo "2075"]
[Annotator "TA"]
[PlyCount "83"]
[EventDate "2020.08.01"]
[EventType "swiss"]
[EventCountry "IRL"]
[SourceTitle "playchess.com"]
[Source "ChessBase"]
[SourceQuality "1"]

{[%evp 9,83,10,18,8,16,8,22,36,39,31,70,70,71,70,103,14,13,-51,-53,-43,-43,-27,-8,-8,-23,-20,-12,-27,-22,-15,0,-14,-14,-40,0,0,120,128,133,126,109,77,71,52,58,49,120,122,166,125,216,161,266,178,325,196,227,220,230,172,216,198,1079,1131,1102,1101,1060,1044,939,702,29994,29995,29996,29997,29998,29999]} 1. e4 c5 2. Nc3 Nc6 3. Bb5 Nd4 4. Nf3 a6 5. Bd3 Nc6 6. O-O {B23: Closed Sicilian: Lines without g3.} g6 7. Re1 Bg7 8. e5 {The position is equal.} Nh6 9. Be4 {[#]} Nf5 $146 ({Predecessor:} 9... O-O 10. d3 d6 11. Bxc6 bxc6 12. exd6 exd6 13. Bg5 f6 14. Bxh6 Bxh6 15. d4 Bg7 {1-0 (34) Guseinov,G (2665)-Vokhidov,S (2512) chess.com INT 2020}) 10. Bxf5 gxf5 11. d4 cxd4 12. Nd5 (12. Nxd4 $16 d5 13. Nxc6 bxc6 14. b3) 12... d6 $1 $11 {[%cal Rd6e5]} 13. Nf6+ ({White should try} 13. exd6 $11 Qxd6 14. Nb6) 13... Bxf6 14. exf6 e5 15. Nxd4 Qxf6 16. Nxc6 bxc6 17. f4 e4 18. Be3 {Strongly threatening Bd4.} Rg8 19. Qd2 Rb8 (19... Qxb2 20. Qxd6 Rg6 21. Qc5 $16) 20. Bd4 Qe7 21. Rad1 Rg6 (21... c5 $5 {[%cal Rc5d4]} 22. Bc3 Rg6 $15) 22. Qc3 c5 {[#]} (22... Qc7 $11 {keeps the balance.}) 23. Bxc5 $1 $16 {[%mdl 512]} Qf6 (23... dxc5 $2 24. Qh8+ Qf8 25. Rd8+ $1 {[%mdl 512]} Kxd8 26. Qxf8+ Kc7 27. Qxf7+ Bd7 28. Qd5 $18) 24. Bd4 ({Reject} 24. Bxd6 $6 Qxc3 25. bxc3 Rb2 $11) 24... Qe7 25. Qe3 Be6 26. a3 f6 27. Bc3 Kf7 {[#] White stays focused until the end.} ({Black should play} 27... Qc7 $14) 28. Bb4 $1 {[%cal Rb4d6]} Rbg8 29. Re2 Bc4 (29... a5 $16 {might work better.}) 30. Red2 Qb7 (30... Be6 {is a better defense.} 31. g3 (31. Bxd6 Qb7 $16) 31... a5) 31. b3 ({Don't take} 31. Bxd6 $6 h5 $18) 31... Bb5 (31... Be6 $142 32. Bxd6 h5) 32. Bxd6 h5 33. c4 Bc6 34. b4 h4 35. Bc5 Rg3 $2 (35... Ba4 36. Rb1 Bd7) 36. hxg3 $18 Rxg3 37. Qe2 e3 38. Qh5+ {[%mdl 64] Double Attack} Kg7 39. Bf8+ {[%mdl 64] Decoy} Kxf8 40. Rd8+ {White mates.} Kg7 41. Qh8+ Kf7 42. Rf8+ {Accuracy: White = 65%, Black = 53%.} 1-0

[Event "Irish Championship 2020"]
[Site "Dublin"]
[Date "2020.08.05"]
[Round "5.12"]
[White "Jackson, Carl"]
[Black "Casey, Eoghan"]
[Result "1/2-1/2"]
[WhiteElo "2021"]
[BlackElo "1954"]
[Annotator "TA"]
[PlyCount "83"]
[EventDate "2020.08.01"]
[EventType "swiss"]
[EventCountry "IRL"]
[SourceTitle "playchess.com"]
[Source "ChessBase"]
[SourceQuality "1"]

{[%evp 9,83,-6,-8,-1,16,9,47,38,56,52,54,46,57,50,56,41,85,78,82,68,58,61,64,50,125,117,117,117,117,119,122,124,152,92,106,90,111,82,494,485,476,113,163,154,281,281,327,291,472,473,572,550,741,719,656,420,405,406,547,530,1023,437,430,390,416,409,326,161,154,90,220,228,236,6,6,6]} 1. b3 e5 2. Bb2 Nc6 3. Nf3 e4 4. Nd4 Nxd4 5. Bxd4 d5 6. e3 {A01: Nimzowitsch-Larsen Opening.} Nf6 7. c4 c5 $1 {[%mdl 4] outshines the older 7...dxc4.} 8. Bxf6 $1 {White is slightly better.} Qxf6 9. Nc3 d4 10. Nxe4 Qe5 11. Bd3 $1 dxe3 12. dxe3 Bf5 {White must now prevent ...Rd8.} 13. f4 $1 {[%cal Rf4e5]} Qe6 14. Qf3 Rd8 15. Bc2 {[#]} Bg4 $146 ({Predecessor:} 15... Qg6 16. h3 h5 17. O-O Be7 18. Rad1 O-O 19. Bb1 Rfe8 20. Rd5 Rxd5 21. cxd5 Bf8 {0-1 (27) Calvert,D (2070)-Summerscale,A (2449) London 2009}) 16. Qf2 f5 (16... g6 $1 $14) 17. h3 Bxh3 18. gxh3 {Strongly threatening Ng5.} fxe4 19. Qg2 Be7 20. Qxe4 Qf6 21. O-O (21. Rd1 $142) 21... Qh4 22. Qg2 ({Reject} 22. Qxb7 $6 Qg3+ 23. Qg2 Qxe3+ 24. Qf2 Qxh3 $11) 22... g5 23. f5 {aiming for f6.} h5 $2 {[%mdl 8192]} (23... Bf6 $16 {is a better chance.}) 24. f6 $18 {White threatens Bg6+ and mate.} Bd6 25. Qe4+ $2 (25. Rad1 $18 {and the rest is easy.}) 25... Qxe4 26. Bxe4 b6 (26... Be5 $16 {was necessary.}) 27. Rf5 g4 28. Bd5 gxh3 $2 (28... Kd7 29. e4 Rde8) 29. e4 h2+ 30. Kg2 Rh6 31. e5 Rg6+ 32. Kxh2 Rxf6 33. Rxh5 Bb8 {Black hopes to continue with ...Rh6.} 34. Rg1 Rf2+ 35. Kg3 (35. Kh3 $142 Rxd5 36. cxd5 Rf3+ 37. Rg3) 35... Rf8 36. Rg5 Rc8 37. Kg4 Rc7 38. Rh1 (38. Rd1 $142) 38... Re7 {[#]} 39. Rhh5 ({White should try} 39. Bc6+ $1 Kd8 40. Rd1+ Kc8 41. Re1) 39... Kd7 {[#]} (39... Kd8 $16 {was worth a try.} 40. a3 Bc7) 40. Rf5 $1 Rxf5 41. Rxf5 $2 (41. e6+ $1 $18 Kd8 42. Kxf5) 41... Bxe5 $11 42. Rf7 {Accuracy: White = 63%, Black = 41%.} 1/2-1/2

[Event "Irish Championship 2020"]
[Site "Dublin"]
[Date "2020.08.05"]
[Round "5.13"]
[White "Carroll, Peter"]
[Black "Putar, Lara"]
[Result "0-1"]
[WhiteElo "2009"]
[BlackElo "1834"]
[Annotator "TA"]
[PlyCount "48"]
[EventDate "2020.08.01"]
[EventType "swiss"]
[EventCountry "IRL"]
[SourceTitle "playchess.com"]
[Source "ChessBase"]
[SourceQuality "1"]

{[%evp 15,48,16,17,17,2,13,47,-14,0,0,49,45,83,74,56,81,66,53,104,22,106,104,95,53,54,27,26,-193,-186,-249,-234,-237,-145,-541,-553]} 1. e4 e6 2. d4 d5 3. Nc3 Bb4 4. e5 c5 5. a3 Bxc3+ 6. bxc3 {[%cal Bb2c3,Bc3c4][%mdl 32]} Qa5 7. Bd2 Qa4 8. Qg4 Kf8 9. Qd1 {C18: French: 3 Nc3 Bb4: Main line: 7 h4 and 7 Qg4.} b6 10. c4 Nc6 11. Nf3 (11. dxc5 $14 bxc5 12. Nf3) 11... Nge7 12. dxc5 bxc5 13. c3 {[#]} Qa5 $146 ({Predecessor:} 13... Qxd1+ 14. Rxd1 Ba6 15. cxd5 Bxf1 16. Rxf1 Nxd5 17. c4 Nb6 18. Be3 Nxc4 19. Bxc5+ Kg8 {½-½ (27) Hammer,J (2469)-Ostenstad,B (2463) Oslo 2008}) 14. cxd5 exd5 15. c4 Qc7 16. cxd5 Nxd5 ({Better is} 16... Nxe5 $14 17. Bc3 Nxf3+ 18. Qxf3 Qd7) 17. Bc4 (17. Be2 $16) 17... Be6 (17... Nb6 $11 18. Be2 Nxe5) 18. O-O $16 Rd8 19. Qe2 Bg4 $1 20. Bg5 Rd7 21. Rad1 $2 (21. Bb5 $11 {and White is okay.}) 21... Nc3 $1 $19 {[%csl LRd1,LRe2][%mdl 64] [#] Double Attack, Discovered Attack} 22. Qc2 (22. Qe3 $142 Nxd1 23. Qxc5+ Kg8 24. Bb5) 22... Nxd1 23. Rxd1 Nd4 ({Don't do} 23... Nxe5 24. Rxd7 Bxd7 25. Nxe5) 24. Qb1 $2 {[%mdl 8192]} (24. Rxd4 $17 {was the crucial defense.} Rxd4 25. Nxd4 cxd4 26. Bd2) 24... Bxf3 {Accuracy: White = 39%, Black = 56%.} 0-1

[Event "Irish Championship 2020"]
[Site "Dublin"]
[Date "2020.08.05"]
[Round "5.14"]
[White "Putar, Leon"]
[Black "Byrne, Alex"]
[Result "1-0"]
[WhiteElo "1894"]
[BlackElo "1976"]
[Annotator "ChessBase"]
[PlyCount "133"]
[EventDate "2020.08.01"]
[EventType "swiss"]
[EventCountry "IRL"]
[SourceTitle "playchess.com"]
[Source "ChessBase"]
[SourceQuality "1"]
[TimeControl "8100+35"]

1. e4 {[%emt 0:00:00]} e6 {[%emt 0:02:53]} 2. d4 {[%emt 0:00:10]} d5 {[%emt 0:00:15]} 3. Nc3 {[%emt 0:00:08]} Bb4 {[%emt 0:00:06]} 4. e5 {[%emt 0:00:17]} c5 {[%emt 0:00:01]} 5. a3 {[%emt 0:00:30]} Bxc3+ {[%emt 0:00:02]} 6. bxc3 {[%emt 0:00:12]} Ne7 {[%emt 0:00:01]} 7. Nf3 {[%emt 0:00:32]} b6 {[%emt 0:05:20]} 8. Bd3 {[%emt 0:04:49]} Ba6 {[%emt 0:00:51]} 9. O-O {[%emt 0:01:30]} h6 {[%emt 0:12:27]} 10. a4 {[%emt 0:04:06]} c4 {[%emt 0:14:37]} 11. Be2 {[%emt 0:02:27]} Nbc6 {[%emt 0:00:06]} 12. Ba3 {[%emt 0:07:06]} Qd7 {[%emt 0:00:49]} 13. h3 {[%emt 0:07:49]} O-O-O {[%emt 0:02:22]} 14. a5 {[%emt 0:06:54]} b5 {[%emt 0:01:14]} 15. Qd2 {[%emt 0:04:55]} g5 {[%emt 0:17:06]} 16. Nh2 {[%emt 0:02:49]} Ng6 {[%emt 0:31:24]} 17. Ng4 {[%emt 0:07:04]} Nce7 {[%emt 0:07:16]} 18. Nf6 {[%emt 0:05:29]} Qc7 {[%emt 0:00:40]} 19. Bh5 {[%emt 0:01:18]} Ng8 {[%emt 0:02:39]} 20. g3 {[%emt 0:02:42]} Nxf6 {[%emt 0:03:01]} 21. exf6 {[%emt 0:00:45]} Rhg8 {[%emt 0:02:08]} 22. Bc5 {[%emt 0:05:30]} Rde8 {[%emt 0:12:39]} 23. Qe3 {[%emt 0:06:44]} Nf4 {[%emt 0:03:28]} 24. Bf3 {[%emt 0:05:23]} Nxh3+ {[%emt 0:07:18]} 25. Kh2 {[%emt 0:00:34]} g4 {[%emt 0:01:18]} 26. Bxg4 {[%emt 0:01:06]} Nxf2 {[%emt 0:01:27]} 27. Rxf2 {[%emt 0:03:30]} Rxg4 {[%emt 0:00:36]} 28. Rf4 {[%emt 0:00:08]} Rg5 {[%emt 0:01:45]} 29. Be7 {[%emt 0:06:04]} Reg8 {[%emt 0:05:51]} 30. Rf3 {[%emt 0:15:04]} Bb7 {[%emt 0:02:01]} 31. a6 {[%emt 0:00:42]} Bc6 {[%emt 0:01:12]} 32. Rg1 {[%emt 0:01:15]} e5 {[%emt 0:01:19]} 33. dxe5 {[%emt 0:00:13]} Rxe5 {[%emt 0:04:55]} 34. Qd4 {[%emt 0:01:50]} Re4 {[%emt 0:00:24]} 35. Qf2 {[%emt 0:05:48]} Rg5 {[%emt 0:03:29]} 36. Rf5 {[%emt 0:03:20]} d4 {[%emt 0:01:21]} 37. Rg2 {[%emt 0:04:23]} Rxf5 {[%emt 0:01:28]} 38. Qxf5+ {[%emt 0:00:09]} Qd7 {[%emt 0:00:12]} 39. Qxd7+ {[%emt 0:16:01]} Kxd7 {[%emt 0:00:02]} 40. Rd2 {[%emt 0:00:11]} Ke6 {[%emt 0:01:01]} 41. cxd4 {[%emt 0:00:27]} c3 {[%emt 0:01:06]} 42. Rf2 {[%emt 0:02:14]} Rxd4 {[%emt 0:00:37]} 43. Bc5 {[%emt 0:00:48]} Rd1 {[%emt 0:00:06]} 44. g4 {[%emt 0:00:10]} Rd2 {[%emt 0:01:01]} 45. Bxa7 {[%emt 0:00:10]} Kd5 {[%emt 0:00:24]} 46. Kg3 {[%emt 0:00:33]} Rxf2 {[%emt 0:00:01]} 47. Kxf2 {[%emt 0:00:33]} Ke4 {[%emt 0:00:02]} 48. Be3 {[%emt 0:00:15]} Ke5 {[%emt 0:01:24]} 49. Bxh6 {[%emt 0:00:24]} Kxf6 {[%emt 0:00:11]} 50. Ke3 {[%emt 0:00:21]} Ke5 {[%emt 0:01:25]} 51. Bg7+ {[%emt 0:00:23]} Kd5 {[%emt 0:00:10]} 52. Bxc3 {[%emt 0:00:10]} Ba8 {[%emt 0:00:17]} 53. a7 {[%emt 0:01:06]} Bb7 {[%emt 0:00:04]} 54. Bb4 {[%emt 0:00:37]} Ba8 {[%emt 0:00:05]} 55. c3 {[%emt 0:00:09]} Bb7 {[%emt 0:00:07]} 56. g5 {[%emt 0:00:57]} Ba8 {[%emt 0:00:08]} 57. Kf4 {[%emt 0:00:21]} Ke6 {[%emt 0:01:20]} 58. Kg4 {[%emt 0:00:15]} Bd5 {[%emt 0:00:15]} 59. Kh5 {[%emt 0:00:29]} Bf3+ {[%emt 0:00:17]} 60. Kh6 {[%emt 0:00:10]} Bb7 {[%emt 0:00:15]} 61. Kg7 {[%emt 0:00:14]} Bd5 {[%emt 0:02:26]} 62. Kf8 {[%emt 0:00:46]} Kf5 {[%emt 0:01:48]} 63. Be7 {[%emt 0:00:14]} Ke6 {[%emt 0:00:01]} 64. Ke8 {[%emt 0:00:42]} Ba8 {[%emt 0:00:59]} 65. Kd8 {[%emt 0:00:12]} Be4 {[%emt 0:00:08]} 66. Bf6 {[%emt 0:00:18]} Kd6 {[%emt 0:01:49]} 67. Kc8 {[%emt 0:00:12]} 1-0

[Event "Irish Championship 2020"]
[Site "Dublin"]
[Date "2020.08.05"]
[Round "5.15"]
[White "Mirza, Diana"]
[Black "McHugh, Kevin"]
[Result "1-0"]
[WhiteElo "1939"]
[BlackElo "2010"]
[Annotator "TA"]
[PlyCount "65"]
[EventDate "2020.08.01"]
[EventType "swiss"]
[EventCountry "IRL"]
[SourceTitle "playchess.com"]
[Source "ChessBase"]
[SourceQuality "1"]

{[%evp 10,65,29,18,26,28,35,33,42,61,141,47,62,36,80,88,80,56,135,67,100,97,93,49,42,35,39,57,62,22,70,0,111,57,115,12,14,14,19,3,100,72,93,98,160,161,533,520,528,524,844,785,753,658,1059,1059,1046,1016]} 1. d4 Nf6 2. Nf3 g6 3. Nbd2 d5 4. e3 Bg7 5. b4 {[%cal Bb2b4,Bb4b5][%mdl 32]} O-O 6. c4 c6 {D02: 1 d4 d5 2 Nf3 sidelines, including 2...Nf6 3 g3 and 2...Nf6 3 Bf4.} 7. a4 a5 8. b5 dxc4 {White is slightly better.} 9. Bxc4 {[#]} c5 $146 (9... cxb5 $14 10. Bxb5 (10. axb5 Nbd7 $11) 10... Na6) ({Predecessor:} 9... cxb5 10. Bxb5 Nc6 11. O-O Nb4 12. Ba3 Bf5 13. Bxb4 axb4 14. Qb3 Ne4 15. Qxb4 Nd6 {1-0 (44) Salinas Herrera,P (2514)-Bodnaruk,A (2411) chess.com INT 2020}) 10. Bb2 (10. dxc5 $16 {Bb2 is the strong threat.} Ne4 11. Ba3 (11. Nxe4 Qxd1+ 12. Kxd1 Bxa1 $14) 11... Bxa1 12. Qxa1 (12. Nxe4 Qxd1+ 13. Kxd1 Bh8 $14) 12... Nxd2 13. Nxd2) 10... cxd4 11. Bxd4 Bf5 12. O-O Nbd7 13. Qb3 h6 ({Black should play} 13... e5 $14 14. Bb2 Nc5) 14. Nh4 (14. Qb2 $16) 14... Nb6 15. Nxf5 gxf5 16. Bd3 e6 17. Rfd1 Nfd5 18. Bxg7 Kxg7 19. Nc4 {Black should prevent Nxb6.} Qe7 20. Qb2+ (20. e4 $14 Nxc4 21. exd5 (21. Qxc4 Rac8 $14) (21. Bxc4 fxe4 22. Bxd5 exd5 $14)) 20... Kg8 (20... Qf6 $1 $11 {keeps the balance.}) 21. Qe5 (21. Nxb6 $16 Nxb6 22. Qd4) 21... Rfe8 (21... Nxc4 $14 22. Bxc4 Nb4) 22. e4 (22. Nxb6 $16 Nxb6 23. e4) 22... Nxc4 $11 23. Bxc4 fxe4 24. Qxe4 Rad8 (24... Nc3 $11 25. Qg4+ Qg5 26. Qxg5+ hxg5) 25. Rd3 $36 {[%mdl 2048] White has strong initiative.} Qf6 26. Re1 Nb6 {[#]} (26... Qf4 $142) 27. Rg3+ $1 Kh8 $2 (27... Kf8 {is tougher.}) 28. Bd3 $18 {White is clearly winning.} Rxd3 29. Rxd3 Rb8 30. Rf3 Qg7 31. Qf4 Rf8 32. Rg3 Nd5 33. Qd6 {Accuracy: White = 58%, Black = 36%.} 1-0

[Event "Irish Championship 2020"]
[Site "Dublin"]
[Date "2020.08.05"]
[Round "5.16"]
[White "O`Gorman, Alice"]
[Black "MacElligott, Gerard"]
[Result "1-0"]
[WhiteElo "1904"]
[BlackElo "2020"]
[Annotator "TA"]
[PlyCount "45"]
[EventDate "2020.08.01"]
[EventType "swiss"]
[EventCountry "IRL"]
[SourceTitle "playchess.com"]
[Source "ChessBase"]
[SourceQuality "1"]

{[%evp 21,45,27,61,55,137,143,135,42,238,237,444,283,338,308,491,462,658,650,717,720,1247,1116,1095,1092,1074,1072]} 1. e4 c5 2. Nf3 d6 3. c3 Nf6 4. Be2 Nc6 5. d4 cxd4 6. cxd4 Nxe4 7. d5 Qa5+ 8. Nc3 Nxc3 9. bxc3 Ne5 10. Nxe5 dxe5 11. O-O g6 12. Rb1 {[%mdl 1024] [#] Strongly threatening Bb5+. White has compensation. B50: Sicilian: 2...d6, Miscellaneous.} f5 $146 (12... a6 $14) ({Predecessor:} 12... a6 13. c4 Bg7 14. d6 Bf6 15. Bf3 exd6 16. Qxd6 Qd8 17. Ba3 Qxd6 18. Bxd6 Be7 19. Bxe5 O-O {1-0 (29) Ciesla,A (2273)-Jaroch,K (2236) Dzwirzyno 2019}) 13. Bb5+ $16 Kf7 {[#]} 14. Qb3 (14. Re1 $1 $16) 14... Kg7 $2 {This costs Black the game.} ({Black should play} 14... a6 $14 15. Be2 Rb8) 15. Re1 $18 e4 $2 (15... a6) 16. Bf4 {Black must now prevent Be5+.} Kf6 17. h4 {aiming for d6!} h6 (17... a6 {keeps fighting.}) 18. Be3 {White is clearly winning.} e6 (18... Bg7 $142 19. d6 e6) 19. dxe6 Bd6 20. Bd4+ {[%mdl 64] Skewer} Be5 {[#]} 21. Qd5 $1 {[%mdl 512]} Qc7 22. f4 {[%cal Rd4e5]} Bxe6 23. Bxe5+ {Accuracy: White = 57%, Black = 12%.} 1-0